Normal view
MARC view
Entry Personal Name
001 - CONTROL NUMBER
- control field: 1236391
003 - CONTROL NUMBER IDENTIFIER
- control field: OSt
005 - DATE AND TIME OF LATEST TRANSACTION
- control field: 20260430150058.0
008 - FIXED-LENGTH DATA ELEMENTS
- fixed length control field: 260430|| aca||aabn | a|a d
040 ## - CATALOGING SOURCE
- Original cataloging agency: OSt
- Transcribing agency: OSt
100 ## - HEADING--PERSONAL NAME
- Personal name: Gaur Monika Au.; Kaur Simrit Gu
670 ## - SOURCE DATA FOUND
- Source citation: Work cat.: (OSt)1848893: Gaur Monika Au.; Kaur Simrit Gu., Estimation, Deteminants, and Impact of Socio-Economic Inequality: India From a South Asian Perspective, 2021
